000 00413nmm a2200157Ia 4500
008 251105s9999||||xx |||||||||||||||||und||
041 _aspa
100 _aNovak, Brenda
245 0 _aPareja perfecta
264 _a[Madrid, España] :
_bHarlequin,
_c2012
300 _a448 páginas
490 _a'La perfección'
650 _aRomance
856 _uhttps://public.digitaliapublishing.com/a/50075
942 _cCF
999 _c99693
_d99693